| 000 | 00551nam a22001937a 4500 | ||
|---|---|---|---|
| 005 | 20251217160228.0 | ||
| 010 | _aENG-147346 | ||
| 020 |
_a9789390514502 _c895.00 |
||
| 035 | _aEN-130878 | ||
| 037 | _bDBAD | ||
| 082 |
_a306.84508995 _21 |
||
| 100 |
_aKukreja, Reena _986134 |
||
| 245 |
_aWhy Would i Be Married here?/ _cReena Kukreja |
||
| 250 | _a1 | ||
| 260 |
_aNew Delhi _bZubaan _c2022 |
||
| 270 |
_a128 B Shahpur Jat, 1st Floor _bNew Delhi _e110049 |
||
| 300 |
_a284p. _c22cm(pb) |
||
| 942 |
_2ddc _cEN _mKUK _h306.84508995 |
||
| 999 |
_c213957 _d213957 |
||